000 00488nam a22001937a 4500
999 _c30859
_d30858
003 OSt
005 20180905033811.0
008 180905b ||||| |||| 00| 0 eng d
020 _a9780222472106
040 _aMMU
_beng
_cMMU
_dMMU
050 _aHF 5387 .B856 1997
100 _aLaurier
245 _aCentre for online learning/
_cLaurier
260 _aCanada:
_bPrentice Hall,
_c1997.
300 _a326 p.;
500 _aincludes index
650 _aMorality
942 _2lcc
_cLOAN LOAN